Southville International School and Colleges
Your cart is empty.
  • Cart
  • Lists
    Public lists Eva Luna New books Lux_list list_1
    Your lists Log in to create your own lists
  • Log in to your account
  • Your cookies
  • Search history
Southville International School and Colleges
  • Advanced search
  • Recent comments
  • Most popular
  • Libraries

Log in to your account

Log in with GOOGLE


If you do not have an external account, but do have a local account, you can still log in:

  1. Home
  2. MARC view: Heidi /
Normal view MARC view ISBD view

Heidi / (Record no. 104443)

[ view plain ]
MARC details
000 -LEADER
fixed length control field 00615nam a2200193 a 4500
005 - DATE AND TIME OF LATEST TRANSACTION
control field 20140412111323.0
008 - FIXED-LENGTH DATA ELEMENTS--GENERAL INFORMATION
fixed length control field 001220s19uu xx 00 eng d
020 ## - INTERNATIONAL STANDARD BOOK NUMBER
International Standard Book Number 4-915831-06-X
050 ## - LIBRARY OF CONGRESS CALL NUMBER
Classification number ER
Item number He34 1991
100 ## - MAIN ENTRY--PERSONAL NAME
Personal name Hirata, Shogo
245 ## - TITLE STATEMENT
Title Heidi /
Statement of responsibility, etc Shogo Hirata.
260 ## - PUBLICATION, DISTRIBUTION, ETC. (IMPRINT)
Place of publication, distribution, etc Tokyo :
Name of publisher, distributor, etc Joie, Inc,
Date of publication, distribution, etc 1991.
300 ## - PHYSICAL DESCRIPTION
Extent 1 v. (unp.) ; ill.
440 ## - SERIES STATEMENT/ADDED ENTRY--TITLE
Title Illustrated Fantasy Book for Children
520 ## - SUMMARY, ETC.
Summary, etc It was sunny morning in the beautiful Swiss Alps. A young woman and a little girl climbed up the footpaths.
650 ## - SUBJECT ADDED ENTRY--TOPICAL TERM
Topical term or geographic name as entry element Children's stories -- Fiction
Holdings
Withdrawn status Lost status Damaged status Use restrictions Home library Current library Shelving location Date acquired Source of acquisition Total Checkouts Full call number Barcode Date last seen Price effective from Koha item type
        Elizalde Library Elizalde Library Easy Reading Section 12/20/2000     ER He34 1991 E7835 04/12/2014 04/12/2014 Books
        Elizalde Library Elizalde Library Easy Reading Section 04/14/2003     ER He34 1991 E5222 04/12/2014 04/12/2014 Books

Heidi /

APA

Hirata S., . (1991). Heidi. Tokyo: Joie, Inc.

Chicago

Hirata Shogo, . 1991. Heidi. Tokyo: Joie, Inc.

Harvard

Hirata S., . (1991). Heidi. Tokyo: Joie, Inc.

MLA

Hirata Shogo, . Heidi. Tokyo: Joie, Inc. 1991.

  • Place hold
  • Print
  • Cite
  • Add to your cart (remove)
  • Save record
    BIBTEX Dublin Core MARCXML MARC (non-Unicode/MARC-8) MARC (Unicode/UTF-8) MARC (Unicode/UTF-8, Standard) MODS (XML) RIS
  • More searches
    Search for this title in:
    Other Libraries (WorldCat) Other Databases (Google Scholar) Online Stores (Bookfinder.com) Open Library (openlibrary.org)

Exporting to Dublin Core...

SOUTHVILLE LIBRARY

Southville International School and Colleges Library

1281 Tropical Ave. Cor. Luxembourg St., BF Homes International, Las Pinas City

Tel. No. 8256374 / 252358 Loc. 117/146

Powered by Koha